LDR 00763naa#a2200169#i#450# 001 RU\\bibl\123285 005 20260702011207.4 011 ## _a2686-9896 100 ## _a20260515b2026####ek#y0rusy0150####ca 102 ## _aRU 200 1# _aСОВРЕМЕННЫЕ ТЕХНОЛОГИИ В МЕНЕДЖМЕНТЕ _eЖурнальная статья 210 1# _aАнгарск _cФГБОУ ВО "Ангарский государственный технический университет" _d2026 215 ## _a1 с. 608 ## _aЖурнальная статья _2local 675 ## _aУправление предприятиями. Организация и техника торговли. 658 _z 700 #1 _aНижник _gИрина Александровна 856 4# _aangtu.editorum.ru _u